Loading...
| Philosophy | 0 | 7 | 0 | 0 | 70 | 22 | 55.29 | 3 | 4 | 41.67 | 67.37 |
| Religion | 0 | 3 | 1 | 1 | 25 | 51 | 76.00 | 0 | 1 | 7.12 | 15.91 |
| History - European | 0 | 2 | 0 | 0 | 20 | 58 | 65.00 | 0 | 1 | 6.96 | 7.71 |
| Literature - British | 0 | 2 | 0 | 0 | 20 | 90 | 96.50 | 0 | 0 | 2.86 | 8.59 |
| Literature - European | 0 | 2 | 0 | 0 | 20 | 22 | 51.50 | 1 | 1 | 10.26 | 12.12 |
| Social Science | 0 | 1 | 0 | 0 | 10 | 60 | 60.00 | 1 | 1 | 6.42 | 12.70 |
| Literature - American | 0 | 1 | 0 | 0 | 10 | 73 | 73.00 | 0 | 0 | 3.17 | 3.79 |
| Science - Biology | 0 | 1 | 0 | 0 | 10 | 69 | 69.00 | 0 | 0 | 2.62 | 2.27 |
| Science - Other | 0 | 1 | 0 | 0 | 10 | 88 | 88.00 | 0 | 0 | 3.03 | 3.79 |
| Science - Physics | 0 | 1 | 1 | 0 | 5 | 82 | 82.00 | 0 | 0 | 2.19 | 1.52 |
| History - Other | 0 | 1 | 1 | 0 | 5 | 56 | 56.00 | 0 | 1 | 4.10 | 6.82 |
| Mythology | 0 | 0 | 0 | 0 | 0 | 0.00 | 0 | 0 | 0.00 | 0.00 | |
| Literature - World | 0 | 0 | 1 | 0 | -5 | 0.00 | 0 | 0 | 0.00 | 0.00 |